Представление документа в формате MARC21

ПолеНазваниеЗначение
  Тип записи a
  Библиографический уровень m
001 Контрольный номер RU\infra-m\znanium\bibl\2241345
005 Дата корректировки 20260429142353.0
008 Кодируемые данные 260211s2026 RU g rus u
020 Индекс ISBN __
a ISBN 978-5-16-019521-6
020 Индекс ISBN __
a ISBN 978-5-16-102017-3 (электр. издание)
040 Источник каталогиз. __
a Служба первич. каталог. Общество с ограниченной ответственностью «ЗНАНИУМ»
041 Код языка издания __
a Код языка текста rus
044 Код страны публикации __
a Код страны публикации RU
080 Индекс УДК __
a Индекс УДК 621.3.11.22(075.8)
084 Индекс другой классификации/Индекс ББК __
2 Источник индекса rubbk
a Индекс другой классификации/Индекс ББК 31.37я73
084 Индекс другой классификации/Индекс ББК __
2 Источник индекса okso
a Индекс другой классификации/Индекс ББК 13.02.05
084 Индекс другой классификации/Индекс ББК __
2 Источник индекса okso
a Индекс другой классификации/Индекс ББК 13.03.01
084 Индекс другой классификации/Индекс ББК __
2 Источник индекса okso
a Индекс другой классификации/Индекс ББК 13.03.02
084 Индекс другой классификации/Индекс ББК __
2 Источник индекса okso
a Индекс другой классификации/Индекс ББК 13.04.01
100 Автор __
a Автор Кудинов А. А.
q Полное имя Кудинов Анатолий Александрович
u Дополнение Самарский государственный технический университет
245 Заглавие __
a Заглавие Тепловые электрические станции. Схемы и оборудование
b Продолж. заглавия Учебное пособие
c Ответственность Самарский государственный технический университет
250 Сведения об издании __
a Основные сведения об издании 1
260 Выходные данные __
a Место издания Москва
b Издательство ООО "Научно-издательский центр ИНФРА-М"
c Дата издания 2026
300 Физическое описание __
a Объем 325 с.
440 Серия __
a Серия Высшее образование
520 Аннотация __
a Аннотация Изложены основы теории повышения тепловой экономичности электростанций за счет применения пара высоких и сверхвысоких параметров комбинированной выработки электрической и тепловой энергии регенеративного подогрева питательной воды промежуточного перегрева пара использования газотурбинных и парогазовых установок. Описаны принципиальные тепловые схемы современных ТЭС освещены вопросы выбора основного и вспомогательного оборудования расчета тепловых схем компоновки главного здания технического водоснабжения и подготовки добавочной воды топливного хозяйства и очистки уходящих газов. Для студентов энергетических вузов и специальностей а также инженерно-технических работников электростанций.
521 Примеч. о цел. назн. __
a Примеч. о целев. назн. ВО - Бакалавриат
650 Тематические рубрики __
a Основная рубрика Промышленность. Энергетика
x Основная подрубрика Электроэнергетика. Электротехника
655 Указ. предметных рубрик (устаревшее) __
a Жанр/ форма (устаревшее) Учебное пособие
856 Электронный адрес документа 4_
a Имя сервера/домена znanium.ru
m Помощь ebs_support@infra-m.ru
n Местонахождение сервера НИЦ ИНФРА-М
u URL https://znanium.ru/catalog/document?id=478162
856 Электронный адрес документа 48
a Имя сервера/домена znanium.ru
d Путь /cover/2241
f Электронное имя 2241345.jpg
q Тип электронного формата image/jpeg
u URL https://znanium.ru/cover/2241/2241345.jpg
911 __
u 0030=https://znanium.ru/catalog/document?id=478162